| 000 | 00763nac a22002051u 4500 | ||
|---|---|---|---|
| 008 | 090203s2004 nju|||||r|||| 00| 0 eng d | ||
| 010 | _a 2001018560 | ||
| 020 | _a0131225480 | ||
| 082 | 0 | 4 |
_a658.4038011 _bMCN _222 |
| 100 |
_aMcNurlin, Barbara _932621 |
||
| 245 | 0 | 0 |
_aInformation systems management in practice / _cBarbara C. McNurlin, Ralph H. Sprague, Jr. |
| 250 |
_a6th ed. _bInternational edition |
||
| 260 |
_aUpper Saddle River, NJ : _bPrentice Hall, _c2004. |
||
| 300 |
_axxiii, 502 p. : _bill. ; _c24 cm. |
||
| 504 | _aIncludes bibliographical references and index. | ||
| 650 | 0 |
_aManagement information systems. _933310 _2BUEsh |
|
| 650 | 0 |
_aInformation resources management. _913875 _2BUEsh |
|
| 651 | _2BUEsh | ||
| 942 |
_cBB _k658.4/038MCN _2ddc |
||
| 999 |
_c319 _d319 |
||